The power of mindful learning. (Record no. 111940)

MARC details
000 -LEADER
campo de control de longitud fija 00938cam a2200373L 4500
001 - NÚMERO DE CONTROL
campo de control 94741
005 - FECHA Y HORA DE LA ÚLTIMA TRANSACCIÓN
campo de control 20230411090052.0
008 - DATOS DE LONGITUD FIJA--INFORMACIÓN GENERAL
campo de control de longitud fija 091205s1997 mau 000 u eng d
035 ## - NÚMERO DE CONTROL DEL SISTEMA
Número de control de sistema (OCoLC)ocn472908708
040 ## - FUENTE DE CATALOGACIÓN
Centro catalogador/agencia de origen DKDLA
Lengua de catalogación dan
Centro/agencia transcriptor DKDLA
020 ## - NÚMERO INTERNACIONAL ESTÁNDAR DEL LIBRO
Número Internacional Estándar del Libro 0201339919
020 ## - NÚMERO INTERNACIONAL ESTÁNDAR DEL LIBRO
Número Internacional Estándar del Libro 9780201339918
020 ## - NÚMERO INTERNACIONAL ESTÁNDAR DEL LIBRO
Número Internacional Estándar del Libro 0201488396
020 ## - NÚMERO INTERNACIONAL ESTÁNDAR DEL LIBRO
Número Internacional Estándar del Libro 9780201488395
029 0# - OTRO NÚMERO DE CONTROL DE SISTEMA (OCLC)
Identificador de la biblioteca OCLC DKDLA
Número de control de sistema 27437122
029 1# - OTRO NÚMERO DE CONTROL DE SISTEMA (OCLC)
Identificador de la biblioteca OCLC DKDLA
Número de control de sistema 28588996
035 ## - NÚMERO DE CONTROL DEL SISTEMA
Número de control de sistema (OCoLC)472908708
084 ## - OTRO NÚMERO DE CLASIFICACIÓN
Número de clasificación 37.011
Fuente del número z
084 ## - OTRO NÚMERO DE CLASIFICACIÓN
Número de clasificación 37.015.3
Fuente del número z
049 ## - FONDOS LOCALES (OCLC)
Biblioteca depositaria GRAL
100 1# - ENTRADA PRINCIPAL--NOMBRE DE PERSONA
Nombre de persona Langer, Ellen J.
245 14 - MENCIÓN DEL TÍTULO
Título The power of mindful learning.
260 ## - PUBLICACIÓN, DISTRIBUCIÓN, ETC.
Lugar de publicación, distribución, etc. Cambridge, Mass. :
Nombre del editor, distribuidor, etc. Perseus Publishing,
Fecha de publicación, distribución, etc. 1997.
300 ## - DESCRIPCIÓN FÍSICA
Extensión xii, 167 p.
653 ## - TÉRMINO DE INDIZACIÓN--NO CONTROLADO
Término no controlado Lµring.
653 ## - TÉRMINO DE INDIZACIÓN--NO CONTROLADO
Término no controlado Opmµrksomhed.
653 ## - TÉRMINO DE INDIZACIÓN--NO CONTROLADO
Término no controlado Ligegyldighed.
653 ## - TÉRMINO DE INDIZACIÓN--NO CONTROLADO
Término no controlado Vµrdien af tvivl.
653 ## - TÉRMINO DE INDIZACIÓN--NO CONTROLADO
Término no controlado Leg og lµring.
653 ## - TÉRMINO DE INDIZACIÓN--NO CONTROLADO
Término no controlado Intelligens.
942 ## - ELEMENTOS DE ENTRADA SECUNDARIOS (KOHA)
Fuente del sistema de clasificación o colocación Clasificación de Library of Congress
Tipo de ítem Koha
946 ## - PROCESAMIENTO DE INFORMACIÓN LOCAL (OCLC)
a sadt
994 ## -
-- C0
-- DRFGD
Holdings
Estatus retirado Estado de pérdida Fuente del sistema de clasificación o colocación Estado de daño No para préstamo Colección Biblioteca de origen Biblioteca actual Ubicación en estantería Fecha de adquisición Código de barras Visto por última vez Copia número Tipo de ítem Koha
    Clasificación de Library of Congress     Automatización y Procesos Técnicos Biblioteca Juan Bosch Biblioteca Juan Bosch Automatización y Procesos Técnicos (1er. Piso) 11/04/2023 00000081258 17/02/2019 1